Guess the 1970s song lyrics #238 - Statistics

General Stats
  • This quiz has been taken 19 times
  • The average score is 116 of 317
Answer Stats
Answer % Correct
a
94%
he
88%
He
88%
the
88%
you
88%
You
88%
When
82%
an
76%
Do
76%
in
76%
on
76%
to
76%
me
65%
Me
65%
and
59%
And
59%
down
59%
it's
59%
like
59%
of
59%
up
59%
with
59%
With
59%
knows
53%
my
53%
that
53%
your
53%
don't
47%
his
47%
only
47%
was
47%
as
41%
little
41%
man
41%
Oh
41%
oh
41%
see
41%
way
41%
Feeling
35%
out
35%
run
35%
Aqualung
29%
bench
29%
cold
29%
girls
29%
goes
29%
la
29%
lonely
29%
road
29%
Sitting
29%
time
29%
alone
24%
bad
24%
dead
24%
friend
24%
Hey
24%
last
24%
park
24%
still
24%
broken
18%
duck
18%
intent
18%
luck
18%
nose
18%
old
18%
pick
18%
pieces
18%
Snot
18%
start
18%
sun
18%
Sun
18%
Taking
18%
uneasy
18%
Whoa
18%
away
12%
dog
12%
Eyeing
12%
feet
12%
flowers
12%
running
12%
Spitting
12%
warms
12%
Watching
12%
army's
6%
bends
6%
bloom
6%
breaths
6%
clothes
6%
cup
6%
Dee
6%
dee
6%
deep
6%
diver
6%
end
6%
hurting
6%
Leg
6%
Madness
6%
mode
6%
onto
6%
panties
6%
poor
6%
remember
6%
Salvation
6%
sea
6%
sod
6%
sounds
6%
spring
6%
streaking
6%
tea
6%
wandering
6%
agony
0%
beard
0%
bog
0%
Clings
0%
December's
0%
Drying
0%
fingers
0%
foggy
0%
freeze
0%
frilly
0%
Greasy
0%
ice
0%
rattling
0%
Screaming
0%
shabby
0%
smearing
0%
snatch
0%
No matching quizzes found
Score Distribution
Percent of People with Each Score
Percentile by Number Answered
Your Score History
You have not taken this quiz